[Event "Challenge"]
[Site "http://www.queenalice.com/game.php?id=449405"]
[Date "2008.8.16"]
[Round "-"]
[White "beelzebub"]
[Black "sherpacoach"]
[Result "1-0"]
[WhiteElo "1500"]
[BlackElo "1100"]

1. e4 e5 2. Nf3 Nc6 3. Bc4 Bc5 4. d3 d5 5. exd5 Nd4 6. Nxe5 b5 7. Bb3 Nxb3 8.
axb3 Qxd5 9. O-O Qxe5 10. Re1 Qxe1+ 11. Qxe1+ Be7 12. Qe5 f6 13. Qxc7 Be6 14.
Qc6+ Kf7 15. Qxa8 f5 16. Rxa7 Kf6 17. Bd2 g6 18. Bc3+ Kg5 19. Bxh8 Bc5 20. Qc6
Bxa7 21. Qxe6 Bb8 22. Qxg8 Bxh2+ 23. Kxh2 h5 24. d4 f4 25. d5 Kg4 26. Qxg6+ Kh4
27. Bf6# 1-0

[Event "Challenge"]
[Site "http://www.queenalice.com/game.php?id=470642"]
[Date "2008.9.30"]
[Round "-"]
[White "sherpacoach"]
[Black "beelzebub"]
[Result "0-1"]
[WhiteElo "1191"]
[BlackElo "1500"]

1. d4 d5 2. Nc3 e6 3. a3 c5 4. e3 a6 5. Qf3 cxd4 6. exd4 Qa5 7. Qd3 Nc6 8. Bd2
Bb4 9. Be2 Nf6 10. Qg3 Rg8 11. Bg5 Ne4 12. Qh4 h6 13. f3 Nxc3 14. Bxh6 gxh6 15.
Qxh6 Nb5+ 16. Kf2 Nbxd4 17. Qh7 Rg6 18. Nh3 Bd2 19. Bd3 Rf6 20. c3 Nb3 21. Rae1
Qb6+ 22. Kg3 Bxe1+ 23. Rxe1 Qc7+ 24. Kf2 Qxh2 25. Ng5 Qf4 26. Qg8+ Ke7 27. g3
Qd2+ 28. Be2 Qxb2 29. Nxf7 Rxf7 30. Qg5+ Kd6 31. Rd1 Qxc3 32. Qg6 Rf5 33. g4 Re5
34. Kg3 Ne7 35. Qh6 Rxe2 36. Qf4+ Kd7 37. Qf7 Qe5+ 38. f4 Qe3+ 39. Kh4 Rh2+ 40.
Kg5 Qh3 41. Kf6 Qh8+ 42. Qg7 Rh6+ 43. Kf7 Qe8# 0-1

[Event "Challenge"]
[Site "http://www.queenalice.com/game.php?id=485134"]
[Date "2008.10.30"]
[Round "-"]
[White "sherpacoach"]
[Black "beelzebub"]
[Result "0-1"]
[WhiteElo "1235"]
[BlackElo "1530"]

1. d4 d5 2. Nf3 e6 3. a3 c5 4. b4 cxd4 5. Qd3 a6 6. c3 dxc3 7. Nxc3 Nf6 8. e4
dxe4 9. Nxe4 Be7 10. Qxd8+ Bxd8 11. Nd6+ Kd7 12. Nxf7 Re8 13. N3e5+ Ke7 14. Ng5
Bc7 15. Nc4 b5 16. Ne3 Nc6 17. Bd3 h6 18. Bg6 hxg5 19. Bxe8 Kxe8 20. O-O Bb7 21.
Bb2 Kf7 22. Ng4 Nxg4 23. Rfd1 Nce5 24. Bxe5 Bxe5 25. Rd7+ Kf6 26. Rxb7 Bxa1 27.
f3 Ne5 28. g4 Nxf3+ 29. Kf2 Nd2 30. Rc7 Nc4 31. Kg3 Be5+ 32. Kh3 Bxc7 33. Kg2
Ke5 34. Kg3 Rf8 35. h3 Ne3 36. h4 Ke4+ 37. Kh3 Rf3# 0-1

[Event "Challenge"]
[Site "http://www.queenalice.com/game.php?id=524209"]
[Date "2009.1.17"]
[Round "-"]
[White "Marllus"]
[Black "beelzebub"]
[Result "1-0"]
[WhiteElo "1655"]
[BlackElo "1557"]

1. e4 e5 2. Nf3 d6 3. Bc4 h6 4. d4 exd4 5. Nxd4 Nf6 6. Nc3 Bd7 7. O-O Nc6 8. Bf4
Nxd4 9. Qxd4 c5 10. Qd2 Be6 11. Nd5 Bxd5 12. Bxd5 Nxd5 13. Qxd5 Qd7 14. Rfe1
O-O-O 15. a3 Qc6 16. Qxf7 Re8 17. Rad1 1-0

[Event "Challenge"]
[Site "http://www.queenalice.com/game.php?id=548168"]
[Date "2009.2.28"]
[Round "-"]
[White "beelzebub"]
[Black "rdaigle2003"]
[Result "1-0"]
[WhiteElo "1511"]
[BlackElo "1722"]

1. d4 g6 2. Nf3 Bg7 3. Nc3 Nc6 4. Bf4 e6 5. e3 Nge7 6. Bd3 d6 7. Bg3 e5 8. d5
Nf5 9. dxc6 Nxg3 10. hxg3 O-O 11. Be4 f5 12. Bd5+ Kh8 13. cxb7 1-0

[Event "Challenge"]
[Site "http://www.queenalice.com/game.php?id=586281"]
[Date "2009.5.10"]
[Round "-"]
[White "nekaun"]
[Black "beelzebub"]
[Result "0-1"]
[WhiteElo "1447"]
[BlackElo "1598"]

1. f3 d5 2. d4 Nf6 3. Nc3 e6 4. Bf4 a6 5. Nh3 c5 6. Bxb8 Rxb8 7. dxc5 Bxc5 8. f4
Qb6 9. Na4 Qa5+ 10. c3 Bd6 11. b4 Qc7 12. Qd4 O-O 13. Nb6 e5 14. fxe5 Bxe5 15.
Qc5 Qxc5 16. bxc5 Bxc3+ 17. Kd1 Bxa1 18. e3 Bb2 19. Kc2 Ba3 20. Bd3 Bxc5 21. Na4
Bxe3 22. Nc3 Bd7 23. Re1 Rfe8 24. Kd1 Rbc8 25. Kc2 d4 26. Kb1 Rxc3 27. Kb2 Rxd3
28. Kb1 Rd2 29. Rc1 Rxg2 30. Rc2 Bf5 31. Kb2 Rxc2+ 0-1

[Event "Challenge"]
[Site "http://www.queenalice.com/game.php?id=636942"]
[Date "2009.8.15"]
[Round "-"]
[White "justeldiablo"]
[Black "beelzebub"]
[Result "1-0"]
[WhiteElo "1865"]
[BlackElo "1617"]

1. d4 d5 2. c4 e6 3. cxd5 exd5 4. e3 a6 5. Bd3 Nf6 6. Nc3 Nc6 7. a3 Bd6 8. h3
Qe7 9. Nf3 O-O 10. Qc2 h6 11. g4 g5 12. Bd2 Re8 13. O-O-O Ne4 14. Be1 Nxc3 15.
Bxc3 Qf6 16. Bf5 Bxf5 17. Qxf5 Qxf5 18. gxf5 Kg7 19. Nh2 Bxh2 20. Rxh2 Kf6 21.
h4 g4 22. Kd2 h5 23. Rg1 Rg8 24. Kd3 Rae8 25. Rhg2 Ne7 26. b4 Nxf5 27. Rh1 g3
28. Bd2 Re4 29. fxg3 Rxg3 30. Rxg3 Nxg3 31. Rg1 Nf5 32. Rc1 c6 33. Rh1 Rxh4 34.
Rf1 Rg4 35. a4 b5 36. Rc1 Ne7 37. axb5 axb5 38. Rh1 h4 39. Be1 Nf5 40. Bf2 Ke7
41. Rc1 Kd6 42. Rh1 Ng3 43. Rxh4 Rxh4 44. Bxg3+ 1-0

[Event "Challenge"]
[Site "http://www.queenalice.com/game.php?id=679764"]
[Date "2009.11.8"]
[Round "-"]
[White "montelo"]
[Black "beelzebub"]
[Result "0-1"]
[WhiteElo "2078"]
[BlackElo "1608"]

1. e4 e5 2. Qh5 d6 3. Bc4 g6 4. Qf3 Nf6 5. h3 Bg7 6. Nc3 Nc6 7. d3 Nd4 8. Qd1
Be6 9. Bxe6 Nxe6 10. Nf3 c6 11. Bg5 h6 12. Bxf6 Bxf6 13. O-O Qb6 14. Na4 Qc7 15.
c3 O-O 16. Qb3 b5 17. Rad1 bxa4 18. Qxa4 Rab8 19. b4 c5 20. a3 cxb4 21. cxb4 Rb6
22. Rc1 Qb7 23. Rc2 Rc8 24. Rxc8+ Qxc8 25. Qxa7 Ra6 26. Qe3 Rxa3 27. Rd1 Kg7 28.
Qb6 Ra6 29. Qb5 Qc6 30. Qxc6 Rxc6 31. b5 Rb6 32. Rb1 Nc7 33. Nd2 Rxb5 34. Rxb5
Nxb5 35. Nc4 Bg5 36. Kf1 Kf6 37. f3 Ke6 38. Ke2 d5 39. Nb6 Nd4+ 40. Kf2 dxe4 41.
dxe4 Kd6 42. Nc4+ Kc5 43. Nxe5 Ne6 44. Nxf7 Kd4 45. Ke2 Be3 46. g3 h5 47. Nd6
Bg5 48. Nf7 Be7 49. Nh8 Nf8 50. g4 h4 51. Nf7 Ne6 52. Nh8 Nf8 53. Kd2 Bf6 54.
Nf7 Ne6 55. Nd6 Nf4 56. Nb5+ Ke5 57. Nc3 Bg5 58. Ke1 Nxh3 59. Kf1 Nf4 60. Kg1
Be7 61. Kh2 Bc5 62. Nd1 Bd4 63. Kh1 g5 64. Kh2 Nd3 65. Kg2 Kf4 66. e5 Nxe5 67.
Nf2 Bxf2 68. Kxf2 Nxf3 69. Kg2 Kxg4 70. Kh1 Nd4 71. Kh2 Nf5 72. Kg2 h3+ 73. Kh2
Ne3 74. Kh1 Kg3 75. Kg1 Nd1 76. Kh1 Nf2+ 77. Kg1 h2+ 78. Kf1 h1=Q+ 79. Ke2 Qd1+
80. Ke3 Qd3# 0-1

[Event "Challenge"]
[Site "http://www.queenalice.com/game.php?id=679765"]
[Date "2009.11.8"]
[Round "-"]
[White "beelzebub"]
[Black "montelo"]
[Result "1-0"]
[WhiteElo "1608"]
[BlackElo "2074"]

1. e4 e5 2. Nf3 Nf6 3. Nc3 Nc6 4. Bc4 Na5 5. Be2 Nc6 6. a3 d6 7. Bc4 Na5 8. Ba2
Bg4 9. h3 Bxf3 10. Qxf3 Nc6 11. Ne2 g6 12. Qb3 Qd7 13. d3 b6 14. Be3 Bg7 15. Qc3
d5 16. exd5 Nxd5 17. Qd2 Bf8 18. Nc3 Nxc3 19. Qxc3 a5 20. O-O Bg7 21. Bc4 O-O
22. Bb5 e4 23. Qxc6 Qxc6 24. Bxc6 Rad8 25. Bxe4 Rd7 26. Rab1 c5 27. c3 Re7 28.
Bc6 Rc8 29. Bb5 h5 30. Bf4 Kh7 31. Rfe1 Bf6 32. Bd6 Rxe1+ 33. Rxe1 Rd8 34. Be7
Bxe7 35. Rxe7 Rf8 36. Bc4 Kg7 37. Rb7 Kf6 38. Rxb6+ Kg5 39. Rb7 f5 40. Re7 Kf6
41. Re6+ Kg5 42. Bb5 Rb8 43. a4 Kh6 44. Ra6 f4 45. Rxa5 Rf8 46. f3 Rf5 47. h4
Re5 48. Kf2 g5 49. hxg5+ Kxg5 50. Ra8 Kh4 51. a5 Kg5 52. a6 Re7 53. Rb8 Kf6 54.
Rb7 1-0

[Event "lucifer rising"]
[Site "http://www.queenalice.com/game.php?id=690880"]
[Date "2009.11.30"]
[Round "-"]
[White "victorlobo"]
[Black "beelzebub"]
[Result "0-1"]
[WhiteElo "1555"]
[BlackElo "1608"]

1. e4 e5 2. Bc4 Nf6 3. Qf3 Bc5 4. Nh3 h6 5. Nc3 d6 6. a3 Nc6 7. Ne2 Bg4 8. Qd3
Bxe2 9. Qxe2 Nd4 10. Qd3 Qd7 11. c3 Ne6 12. Bxe6 Qxe6 13. Qb5+ Qd7 14. Qxb7 O-O
15. d3 a5 16. Qb3 Rfe8 17. Ng1 Qg4 18. g3 Nxe4 19. d4 exd4 20. Kf1 dxc3 21. Be3
Bxe3 22. fxe3 Nd2+ 0-1